Films with similar titles #2 - Statistics

General Stats
  • This quiz has been taken 24 times
  • The average score is 10 of 20
Answer Stats
Plot (year) Film % Correct
A Marseille driver helps a police officer trail German bank robbers (1998) Taxi
95%
"You talkin' to me?" (1976) Taxi Driver
95%
A musician manages to survive the Holocaust (2002) The Pianist
86%
Rebel fighters are pursued across the galaxy by the forces of the Empire (1980) The Empire Strikes Back
76%
Working-class boy discovers a passion for ballet (2000) Billy Elliot
67%
A mute Scottish woman travels to New Zealand (1993) The Piano
67%
A girl must find her half-brother in an otherworldly maze (1986) Labyrinth
62%
Scientists try to raise awareness of imminent doomsday (2021) Don't Look Up
57%
A girl must complete three tasks to prove that she is a princess of the underworld (2006) Pan's Labyrinth
57%
Possibly the worst film ever made (2003) The Room
52%
Very stupid man goes back to school in attempt to inherit fortune (1995) Billy Madison
48%
A luxurious hotel in Zubrowka falls on hard times (2014) Grand Budapest Hotel
48%
Kidnapped woman escapes from years in captivity (2015) Room
48%
"Do you like Kipling, Miss Scarlett?" (1985) Clue
43%
"As if!" (1995) Clueless
43%
Cockney criminals steal gold bullion in Turin (1969) The Italian Job
33%
Grieving parents encounter the supernatural in Venice (1973) Don't Look Now
29%
British pensioners retire to India (2011) Best Exotic Marigold Hotel
14%
Two drug dealers try stop a film based on them from being made (2001) Jay and Silent Bob Strike Back
14%
Documentary exposing the corruption behind the late-2000s financial crisis (2010) Inside Job
10%
No matching quizzes found
Score Distribution
Percent of People with Each Score
Percentile by Number Answered
Your Score History
You have not taken this quiz